[Event "Mecklenburg VP Landesliga West 1920"]
[Site "Mecklenburg VP"]
[Date "2020.03.01"]
[Round "7.5"]
[White "Gazizov, Max"]
[Black "Worm, Alfred"]
[Result "1-0"]
[WhiteElo "1670"]
[BlackElo "1723"]
[PlyCount "39"]
[EventDate "2019.09.29"]
[EventType "team-tourn"]
[EventRounds "9"]
[EventCountry "GER"]
[SourceTitle "EXT 2023"]
[Source "ChessBase"]
[SourceDate "2022.10.05"]
[SourceVersion "1"]
[SourceVersionDate "2022.10.05"]
[SourceQuality "1"]
[WhiteTeam "Think Rochade"]
[BlackTeam "Rostock SSC 07 II"]
[WhiteTeamCountry "GER"]
[BlackTeamCountry "GER"]

1. d4 Nf6 2. c4 e5 3. dxe5 Ng4 4. Nc3 Bc5 5. Ne4 Bb4+ 6. Bd2 Qe7 7. e3 Nxe5 8. Be2 Nxc4 9. Bxc4 Qxe4 10. Bxf7+ Kxf7 11. Qb3+ Kg6 12. Bxb4 Qxg2 13. 0-0-0 Qxh1 14. Ne2 Qc6+ 15. Bc3 d5 16. Nf4+ Kf7 17. Rxd5 Be6 18. Rf5+ Ke7 19. Re5 Qh1+ 20. Kc2 1-0

[Event "Mecklenburg VP LL2 West 1819"]
[Site "Mecklenburg VP"]
[Date "2019.04.07"]
[Round "9.7"]
[White "Lotz, Robert"]
[Black "Worm, Alfred"]
[Result "0-1"]
[WhiteElo "1987"]
[BlackElo "1716"]
[PlyCount "89"]
[EventDate "2018.10.21"]
[EventType "team-tourn"]
[EventRounds "9"]
[EventCountry "GER"]
[SourceTitle "EXT 2022"]
[Source "ChessBase"]
[SourceDate "2021.10.06"]
[SourceVersion "1"]
[SourceVersionDate "2021.10.06"]
[SourceQuality "1"]
[WhiteTeam "Waren Malchow"]
[BlackTeam "Rostock SSC 07 II"]
[WhiteTeamCountry "GER"]
[BlackTeamCountry "GER"]

1. e4 c6 2. d4 d5 3. exd5 cxd5 4. Nf3 Nf6 5. Bb5+ Bd7 6. Bxd7+ Nbxd7 7. 0-0 e6 8. Qd3 Be7 9. Bf4 0-0 10. h3 Qb6 11. b3 Bd6 12. Ne5 Qc7 13. Nxd7 Qxd7 14. Bxd6 Qxd6 15. Nd2 Rfd8 16. Rfe1 Rac8 17. Rac1 Qa3 18. c4 dxc4 19. Nxc4 Qe7 20. Qe3 Rd5 21. Ne5 Rcd8 22. Nf3 R5d7 23. Rc2 Nd5 24. Qc1 Nb4 25. Rd2 Rc7 26. Qa3 a6 27. Qb2 Rdc8 28. d5 Rc2 29. Qd4 Rc1 30. Rdd1 Rxd1 31. Qxd1 Rd8 32. d6 Rxd6 33. Qb1 Nc6 34. b4 h6 35. Qb2 Qd7 36. Re2 Rd1+ 37. Kh2 Qd6+ 38. g3 Qd5 39. Re3 Nd4 40. Kg2 Nxf3 41. Rxf3 Rd3 42. Qe2 Ra3 43. g4 Qxf3+ 44. Qxf3 Rxf3 45. Kxf3 0-1

[Event "Rostock SSC op 17th"]
[Site "Rostock"]
[Date "2018.07.11"]
[Round "2.22"]
[White "Worm, Alfred"]
[Black "Duede, Sebastian"]
[Result "0-1"]
[WhiteElo "1749"]
[BlackElo "1283"]
[PlyCount "56"]
[EventDate "2018.07.11"]
[EventType "swiss"]
[EventRounds "7"]
[EventCountry "GER"]
[SourceTitle "EXT 2019"]
[Source "ChessBase"]
[SourceDate "2018.10.10"]
[SourceVersion "1"]
[SourceVersionDate "2018.10.10"]
[SourceQuality "1"]

1. e4 c5 2. Nf3 d6 3. c3 g6 4. d4 cxd4 5. cxd4 Bg7 6. Nc3 Nf6 7. Bc4 Qc7 8. Qb3 e6 9. Bf4 a6 10. e5 dxe5 11. Nxe5 Nh5 12. g3 Nxf4 13. gxf4 Nc6 14. 0-0-0 Bh6 15. Ne2 Nxe5 16. dxe5 Qxe5 17. Qf3 Qc5 18. Qd3 0-0 19. Qd4 Qc7 20. Kb1 b5 21. Bb3 Bb7 22. Rhg1 Rad8 23. Qe3 Rfe8 24. Rc1 Qb8 25. Qe5 Qxe5 26. fxe5 Bxc1 27. Rxc1 Rd2 28. Rc2 Be4 0-1

[Event "Mecklenburg VP VL 1718"]
[Site "Mecklenburg VP"]
[Date "2018.03.18"]
[Round "7.6"]
[White "Worm, Alfred"]
[Black "Witkowski, Rainer"]
[Result "1-0"]
[WhiteElo "1607"]
[BlackElo "1849"]
[PlyCount "25"]
[EventDate "2017.10.08"]
[EventType "team-tourn"]
[EventRounds "9"]
[EventCountry "GER"]
[SourceTitle "EXT 2022"]
[Source "ChessBase"]
[SourceDate "2021.10.06"]
[SourceVersion "1"]
[SourceVersionDate "2021.10.06"]
[SourceQuality "1"]
[WhiteTeam "Rostock SSC 07"]
[BlackTeam "Neubrandenburg SG Eintracht"]
[WhiteTeamCountry "GER"]
[BlackTeamCountry "GER"]

1. e4 e6 2. d4 d5 3. Nc3 dxe4 4. Nxe4 Nd7 5. Nf3 Ngf6 6. Nxf6+ Nxf6 7. Bc4 Be7 8. 0-0 0-0 9. Ne5 Nd7 10. Qg4 Nxe5 11. dxe5 c5 12. Bh6 f5 13. Qxg7# 1-0

[Event "Mecklenburg VP LL2 Ost 1718"]
[Site "Mecklenburg VP"]
[Date "2018.01.21"]
[Round "5.6"]
[White "Worm, Alfred"]
[Black "Nickel, Reimo"]
[Result "0-1"]
[WhiteElo "1618"]
[BlackElo "1693"]
[PlyCount "66"]
[EventDate "2017.10.08"]
[EventType "team-tourn"]
[EventRounds "9"]
[EventCountry "GER"]
[SourceTitle "EXT 2022"]
[Source "ChessBase"]
[SourceDate "2021.10.06"]
[SourceVersion "1"]
[SourceVersionDate "2021.10.06"]
[SourceQuality "1"]
[WhiteTeam "Rostock SSC 07 II"]
[BlackTeam "Waterkant Saal SV"]
[WhiteTeamCountry "GER"]
[BlackTeamCountry "GER"]

1. e4 e5 2. Nc3 Nc6 3. Bc4 Nf6 4. Nf3 Bc5 5. d3 h6 6. 0-0 d6 7. Be3 Bb4 8. a3 Bxc3 9. bxc3 0-0 10. Rb1 b6 11. h3 Be6 12. Bb5 Ne7 13. Ba4 Qc8 14. Nh2 Ng6 15. Bc6 Rb8 16. Qf3 Qa6 17. a4 Ne7 18. Bb5 Qc8 19. Bxh6 gxh6 20. Qxf6 Ng6 21. d4 c6 22. Bd3 Kh7 23. h4 Rg8 24. f4 exf4 25. e5 h5 26. Rxf4 Qd8 27. exd6 Qxf6 28. Rxf6 Rbd8 29. Nf3 Kg7 30. Rf1 Kxf6 31. Ng5+ Kg7 32. Bxg6 Kxg6 33. Nxe6 fxe6 0-1

[Event "MVP-ch Seniors op 17th"]
[Site "Binz"]
[Date "2017.12.03"]
[Round "5.54"]
[White "Worm, Alfred"]
[Black "Nuenchert, Reinhard"]
[Result "0-1"]
[WhiteElo "1736"]
[BlackElo "1935"]
[PlyCount "72"]
[EventDate "2017.11.29"]
[EventType "swiss"]
[EventRounds "9"]
[EventCountry "GER"]
[SourceTitle "EXT 2019"]
[Source "ChessBase"]
[SourceDate "2018.10.10"]
[SourceVersion "1"]
[SourceVersionDate "2018.10.10"]
[SourceQuality "1"]

1. e4 g6 2. d4 Bg7 3. Be3 d6 4. Nc3 Nf6 5. Nf3 0-0 6. h3 c6 7. Bd3 b5 8. Qd2 Qc7 9. Bh6 a6 10. Bxg7 Kxg7 11. Nh2 e5 12. dxe5 dxe5 13. Ng4 Ng8 14. 0-0-0 Be6 15. Ne2 c5 16. c3 Bxa2 17. f4 Bb3 18. Rdf1 Nc6 19. f5 f6 20. h4 Rad8 21. Qe3 Nd4 22. fxg6 hxg6 23. Ng3 Be6 24. Nf2 Nb3+ 25. Kb1 c4 26. h5 g5 27. h6+ Kh7 28. Nh5 cxd3 29. Nxd3 Rxd3 30. Qxd3 Bc4 31. Qg3 Nd2+ 32. Kc2 Nxf1 33. Nxf6+ Rxf6 34. Qxg5 Rg6 35. Qf5 Ng3 36. Qf8 Nxh1 0-1

[Event "MVP-ch Seniors op 17th"]
[Site "Binz"]
[Date "2017.11.30"]
[Round "2.33"]
[White "Schroeder, Christian"]
[Black "Worm, Alfred"]
[Result "1-0"]
[WhiteElo "1961"]
[BlackElo "1736"]
[PlyCount "63"]
[EventDate "2017.11.29"]
[EventType "swiss"]
[EventRounds "9"]
[EventCountry "GER"]
[SourceTitle "EXT 2019"]
[Source "ChessBase"]
[SourceDate "2018.10.10"]
[SourceVersion "1"]
[SourceVersionDate "2018.10.10"]
[SourceQuality "1"]

1. c4 Nf6 2. d4 e5 3. dxe5 Ng4 4. Nf3 Bc5 5. e3 Nc6 6. a3 Ngxe5 7. b4 Nxf3+ 8. Qxf3 Be7 9. Bb2 f6 10. Nc3 Ne5 11. Qg3 0-0 12. f4 Ng6 13. c5 f5 14. Bc4+ Kh8 15. Nd5 Bh4 16. 0-0-0 Bxg3 17. hxg3 c6 18. Nc7 Rb8 19. Rd6 Rf6 20. Rxf6 gxf6 21. Ne8 Ne5 22. fxe5 Qxe8 23. exf6 Qxe3+ 24. Kc2 Qe4+ 25. Kb3 Qe3+ 26. Bc3 d5 27. cxd6 Be6 28. f7+ Qxc3+ 29. Kxc3 Bxc4 30. Kxc4 Rf8 31. d7 Kg7 32. Rd1 1-0

[Event "Mecklenburg VP LL2 Ost 1718"]
[Site "Mecklenburg VP"]
[Date "2017.11.12"]
[Round "2.5"]
[White "Worm, Alfred"]
[Black "Dettmann, Juergen"]
[Result "1/2-1/2"]
[WhiteElo "1618"]
[BlackElo "1486"]
[PlyCount "154"]
[EventDate "2017.10.08"]
[EventType "team-tourn"]
[EventRounds "9"]
[EventCountry "GER"]
[SourceTitle "EXT 2022"]
[Source "ChessBase"]
[SourceDate "2021.10.06"]
[SourceVersion "1"]
[SourceVersionDate "2021.10.06"]
[SourceQuality "1"]
[WhiteTeam "Rostock SSC 07 II"]
[BlackTeam "Guestrow/Teterow II"]
[WhiteTeamCountry "GER"]
[BlackTeamCountry "GER"]

1. e4 c5 2. Nf3 Nc6 3. c3 e6 4. d4 cxd4 5. cxd4 Bb4+ 6. Bd2 Nf6 7. Bxb4 Nxb4 8. Nc3 0-0 9. a3 Nc6 10. Bd3 a6 11. 0-0 b6 12. Qc2 h6 13. e5 Ne8 14. Be4 d5 15. Bd3 Ne7 16. b4 Nc7 17. Rac1 Bd7 18. Na4 Nb5 19. Qb3 Nf5 20. Bxf5 exf5 21. Nc3 Nxc3 22. Rxc3 Bb5 23. Rfc1 Bc4 24. Qd1 f6 25. exf6 Qxf6 26. Ne5 Rad8 27. Nxc4 dxc4 28. Rxc4 Rd6 29. Qb3 Rfd8 30. Rc8+ Kh7 31. Rxd8 Qxd8 32. Qd3 Rxd4 33. Qxf5+ g6 34. Qf7+ Kh8 35. g3 g5 36. Qb7 Rd1+ 37. Rxd1 Qxd1+ 38. Kg2 Qd3 39. Qxb6 Qd5+ 40. f3 Kh7 41. Qxa6 Qd2+ 42. Kh3 Qe3 43. Qb7+ Kh8 44. Qc8+ Kg7 45. Qd7+ Kh8 46. Qc8+ Kh7 47. Qb7+ Kh8 48. a4 Qe6+ 49. g4 Qe1 50. Qb8+ Kg7 51. Qa7+ Kh8 52. Qd4+ Kg8 53. Kg2 Qe2+ 54. Qf2 Qa6 55. Qa2+ Kh8 56. b5 Qa5 57. Qc2 Qb4 58. Qc8+ Kg7 59. Qc7+ Kh8 60. Qc2 Kg7 61. Kg3 Qf4+ 62. Kg2 Qb4 63. Kf2 Kh8 64. Ke2 Kg7 65. Qc7+ Kf6 66. b6 Qxa4 67. Qc3+ Ke7 68. Qc7+ Ke6 69. b7 Qa2+ 70. Kf1 Qb1+ 71. Kg2 Qb2+ 72. Kg3 Qb4 73. b8Q Qe1+ 74. Kg2 Qe2+ 75. Kh3 Qf1+ 76. Kg3 Qg1+ 77. Kh3 Qf1+ 1/2-1/2

[Event "Rostock SSC op 16th"]
[Site "Rostock"]
[Date "2017.07.27"]
[Round "3"]
[White "Biele, Johanna"]
[Black "Worm, Alfred"]
[Result "0-1"]
[WhiteElo "838"]
[BlackElo "1766"]
[PlyCount "38"]
[EventDate "2017.07.26"]
[EventType "swiss"]
[EventRounds "7"]
[EventCountry "GER"]
[SourceTitle "EXT 2018"]
[Source "ChessBase"]
[SourceDate "2017.10.13"]
[SourceVersion "1"]
[SourceVersionDate "2017.10.13"]
[SourceQuality "1"]

1. d4 Nf6 2. Bf4 d5 3. e3 e6 4. Bd3 b6 5. Nf3 Bd6 6. Bxd6 Qxd6 7. c3 Nbd7 8. Qc2 Bb7 9. Nbd2 0-0 10. Ng5 h6 11. Bh7+ Kh8 12. h4 c5 13. g4 cxd4 14. Bg6 fxg6 15. Qxg6 Ne5 16. Qc2 d3 17. Qd1 Nfxg4 18. f4 Nxe3 19. fxe5 Ng2# 0-1

[Event "Mecklenburg VP LL2 Ost 1617"]
[Site "Mecklenburg VP"]
[Date "2016.12.04"]
[Round "4.6"]
[White "Worm, Alfred"]
[Black "Schmekel, Matthias"]
[Result "0-1"]
[WhiteElo "1591"]
[BlackElo "1527"]
[PlyCount "79"]
[EventDate "2016.10.16"]
[EventType "team-tourn"]
[EventRounds "9"]
[EventCountry "GER"]
[SourceTitle "EXT 2022"]
[Source "ChessBase"]
[SourceDate "2021.10.06"]
[SourceVersion "1"]
[SourceVersionDate "2021.10.06"]
[SourceQuality "1"]
[WhiteTeam "Rostock SSC 07 III"]
[BlackTeam "Torgelow Droegeheide II"]
[WhiteTeamCountry "GER"]
[BlackTeamCountry "GER"]

1. e4 c5 2. Nf3 e6 3. c3 d5 4. e5 Nc6 5. d4 cxd4 6. cxd4 Qb6 7. Nc3 Bb4 8. a3 Be7 9. Be2 f6 10. 0-0 fxe5 11. dxe5 a6 12. b4 Qc7 13. Bb2 Nh6 14. Rc1 Nf5 15. Re1 Bd7 16. Na4 0-0 17. Nd4 Qd8 18. Nxf5 Rxf5 19. Bd3 Rf7 20. Qh5 g6 21. Qg4 Bg5 22. Nc5 Rf4 23. Qg3 Bc8 24. Rcd1 Ne7 25. Bc1 Nf5 26. Bxf5 Rxf5 27. Bxg5 Rxg5 28. Qe3 b6 29. Nb3 Bb7 30. Nd4 Qe7 31. Nxe6 Rxg2+ 32. Kxg2 d4+ 33. f3 dxe3 34. Nd4 Qg5+ 35. Kf1 Qxe5 36. Re2 Rd8 37. Rde1 Rxd4 38. Rxe3 Qb5+ 39. Kg2 Rd2+ 40. Kh1 0-1

[Event "Mecklenburg VP LL2 Ost 1516"]
[Site "Mecklenburg VP"]
[Date "2016.03.13"]
[Round "7.7"]
[White "Hoerhold, Martin"]
[Black "Worm, Alfred"]
[Result "1-0"]
[WhiteElo "1663"]
[BlackElo "1673"]
[PlyCount "103"]
[EventDate "2015.09.20"]
[EventType "team-tourn"]
[EventRounds "9"]
[EventCountry "GER"]
[SourceTitle "EXT 2022"]
[Source "ChessBase"]
[SourceDate "2021.10.06"]
[SourceVersion "1"]
[SourceVersionDate "2021.10.06"]
[SourceQuality "1"]
[WhiteTeam "Neubrandenburg SG Eintracht II"]
[BlackTeam "Rostock SSC 07 III"]
[WhiteTeamCountry "GER"]
[BlackTeamCountry "GER"]

1. e4 c6 2. d4 d5 3. e5 c5 4. dxc5 Nc6 5. Bb5 e6 6. b4 Bd7 7. Bxc6 Bxc6 8. Nf3 a5 9. c3 Qc7 10. 0-0 Ne7 11. Na3 Ng6 12. Qd4 Be7 13. Rb1 axb4 14. cxb4 Ra4 15. Qd1 Ra8 16. Re1 0-0 17. Qb3 Ba4 18. Qb2 Rfc8 19. Nd4 Qd7 20. Qe2 b6 21. cxb6 Rcb8 22. Nac2 Rxb6 23. a3 Qc7 24. Bb2 Bg5 25. g3 Rc8 26. Ne3 Be7 27. Rbc1 Qb8 28. Rxc8+ Qxc8 29. Rc1 Qb7 30. f4 h6 31. Qd2 f6 32. exf6 Bxf6 33. Qd3 Ne7 34. Ng4 Kf7 35. Nxf6 gxf6 36. Qh7+ Ke8 37. Qh8+ Kd7 38. Qxf6 Qa6 39. Qe5 Qa7 40. Kg2 Qb7 41. Re1 Rd6 42. Nxe6 d4+ 43. Kh3 Qc8 44. Nxd4 Ng6 45. Qg7+ Kd8+ 46. f5 Be8 47. Ne6+ Rxe6 48. Rxe6 Bd7 49. Qg8+ Kc7 50. Qxc8+ Kxc8 51. Rxg6 Bxf5+ 52. Rg4 1-0

[Event "MVP-ch Seniors op 15th"]
[Site "Binz"]
[Date "2015.11.27"]
[Round "4.64"]
[White "Koehler, Marianne"]
[Black "Worm, Alfred"]
[Result "1/2-1/2"]
[WhiteElo "1389"]
[BlackElo "1664"]
[PlyCount "55"]
[EventDate "2015.11.24"]
[EventType "swiss"]
[EventRounds "9"]
[EventCountry "GER"]
[SourceTitle "EXT 2017"]
[Source "ChessBase"]
[SourceDate "2016.10.25"]
[SourceVersion "1"]
[SourceVersionDate "2016.10.25"]
[SourceQuality "1"]

1. e4 c6 2. Nf3 d5 3. exd5 cxd5 4. d4 Nc6 5. c3 Nf6 6. h3 e6 7. Be2 Bd6 8. Be3 0-0 9. Nbd2 Re8 10. 0-0 a6 11. Nh2 b5 12. Bd3 e5 13. dxe5 Nxe5 14. Bc2 Bb7 15. Nhf3 Qc7 16. Bd4 Nxf3+ 17. Qxf3 Ne4 18. Nxe4 dxe4 19. Qg4 g6 20. Be3 Be5 21. Rad1 f5 22. Bb3+ Kh8 23. Qe2 Rad8 24. Rxd8 Rxd8 25. Rd1 f4 26. Rxd8+ Qxd8 27. Qd2 Qc7 28. Bd4 1/2-1/2

[Event "Mecklenburg VP LL2 Ost 1415"]
[Site "Mecklenburg VP"]
[Date "2015.02.22"]
[Round "6.8"]
[White "Scheel, Manfred"]
[Black "Worm, Alfred"]
[Result "1-0"]
[WhiteElo "1501"]
[BlackElo "1645"]
[PlyCount "143"]
[EventDate "2014.09.21"]
[EventType "team-tourn"]
[EventRounds "9"]
[EventCountry "GER"]
[SourceTitle "EXT 2022"]
[Source "ChessBase"]
[SourceDate "2021.10.06"]
[SourceVersion "1"]
[SourceVersionDate "2021.10.06"]
[SourceQuality "1"]
[WhiteTeam "Bergen Rugia"]
[BlackTeam "Rostock SSC 07 III"]
[WhiteTeamCountry "GER"]
[BlackTeamCountry "GER"]

1. e4 c6 2. Nf3 d5 3. exd5 cxd5 4. Nc3 Nf6 5. Bb5+ Bd7 6. Bxd7+ Nbxd7 7. 0-0 e6 8. d4 Be7 9. Ne2 Rc8 10. c3 0-0 11. Bg5 h6 12. Bh4 Ne4 13. Bxe7 Qxe7 14. Nd2 Ndf6 15. Nxe4 Nxe4 16. f3 Nd6 17. Re1 b5 18. Nf4 Qg5 19. Nd3 Rc7 20. Nc5 Rfc8 21. Qb3 a5 22. Re5 Qg6 23. Rae1 b4 24. Nxe6 Rc4 25. Nf4 Qh7 26. Nxd5 bxc3 27. bxc3 Qd3 28. Ne7+ Kh7 29. Nxc8 Rxc3 30. R5e3 Rxb3 31. Rxd3 Rxd3 32. Nxd6 Rxd4 33. Nxf7 Rd2 34. Ra1 Kg6 35. Ne5+ Kf5 36. Nc4 Re2 37. Nxa5 Ke5 38. a4 Kd5 39. Nb7 Kc6 40. Nd8+ Kc7 41. Nf7 Re7 42. Nh8 Re2 43. f4 Kb6 44. a5+ Ka6 45. Nf7 Re4 46. g3 Re2 47. Ne5 Rc2 48. Nd3 Rc4 49. Kg2 Rc2+ 50. Kh3 Rc4 51. Kg4 Rc2 52. h3 Rc4 53. Kh5 Rc3 54. Nb4+ Ka7 55. Kh4 Rc4 56. Nd5 Rc5 57. Ne3 g6 58. g4 Rc3 59. Nd5 Rc6 60. a6 Rc5 61. Ne7 g5+ 62. fxg5 hxg5+ 63. Kh5 Rc7 64. Nf5 Rc3 65. Kxg5 Rxh3 66. Kf6 Rb3 67. g5 Rb6+ 68. Kg7 Rb5 69. Kg6 Rb6+ 70. Kh5 Rb5 71. Nd6 Rb6 72. Nc8+ 1-0

[Event "MVP-ch Seniors op 14th"]
[Site "Binz"]
[Date "2014.12.02"]
[Round "8"]
[White "Garms, Ilse"]
[Black "Worm, Alfred"]
[Result "1-0"]
[WhiteElo "1449"]
[BlackElo "1658"]
[PlyCount "149"]
[EventDate "2014.11.25"]
[EventType "swiss"]
[EventRounds "9"]
[EventCountry "GER"]
[SourceTitle "EXT 2016"]
[Source "ChessBase"]
[SourceDate "2015.10.08"]
[SourceVersion "1"]
[SourceVersionDate "2015.10.08"]
[SourceQuality "1"]

1. d4 Nf6 2. Nf3 b6 3. e3 Bb7 4. Nbd2 g6 5. Be2 d5 6. c4 e6 7. b3 Nbd7 8. Bb2 Bg7 9. 0-0 0-0 10. Rc1 Rc8 11. Re1 Re8 12. Bd3 Ne4 13. Ne5 c5 14. Rc2 Nxe5 15. dxe5 Nxd2 16. Rxd2 Qg5 17. f4 Qe7 18. Be2 Red8 19. Bf3 Rd7 20. Qc2 Rcd8 21. Red1 Kf8 22. Ba3 f6 23. exf6 Bxf6 24. Bb2 Qg7 25. Bxf6 Qxf6 26. g3 h5 27. Bg2 a6 28. e4 d4 29. e5 Qf7 30. Bxb7 Rxb7 31. b4 Qf5 32. Qb3 Qe4 33. bxc5 bxc5 34. Qa3 Qc6 35. Kf2 Kf7 36. Qd3 Rdb8 37. h3 a5 38. g4 h4 39. f5 exf5 40. gxf5 gxf5 41. Qxf5+ Kg7 42. Rg1+ Kh8 43. Ke2 Qh6 44. Qg5 Qxg5 45. Rxg5 Re7 46. Kd3 Rf8 47. Ke4 Rff7 48. Rd3 Rh7 49. Rf3 Ref7 50. e6 Rxf3 51. Kxf3 Re7 52. Re5 Kg7 53. Rxc5 Rxe6 54. Rd5 Re3+ 55. Kf2 Ra3 56. Rxd4 Rxa2+ 57. Kf3 Rc2 58. Rxh4 a4 59. c5 Rc3+ 60. Ke2 Rc2+ 61. Kd3 Rxc5 62. Rxa4 Rh5 63. h4 Kf6 64. Ke3 Kf5 65. Kf3 Kg6 66. Kg4 Rc5 67. Ra6+ Kh7 68. Rd6 Ra5 69. h5 Ra4+ 70. Kg5 Ra5+ 71. Kf6 Rxh5 72. Rd7+ Kh6 73. Rd8 Kh7 74. Rd7+ Kh8 75. Kg6 1-0

[Event "MVP-ch Seniors op 14th"]
[Site "Binz"]
[Date "2014.11.28"]
[Round "4"]
[White "Koehler, Marianne"]
[Black "Worm, Alfred"]
[Result "0-1"]
[WhiteElo "1439"]
[BlackElo "1658"]
[PlyCount "62"]
[EventDate "2014.11.25"]
[EventType "swiss"]
[EventRounds "9"]
[EventCountry "GER"]
[SourceTitle "EXT 2016"]
[Source "ChessBase"]
[SourceDate "2015.10.08"]
[SourceVersion "1"]
[SourceVersionDate "2015.10.08"]
[SourceQuality "1"]

1. e4 c6 2. c3 d5 3. exd5 cxd5 4. Bb5+ Nc6 5. d4 a6 6. Bxc6+ bxc6 7. Nd2 Nf6 8. h3 e6 9. Ngf3 c5 10. 0-0 Qc7 11. Re1 Bd6 12. Nf1 0-0 13. Be3 Ne4 14. N3d2 Bb7 15. Nxe4 dxe4 16. Qg4 f5 17. Qd1 f4 18. dxc5 fxe3 19. cxd6 exf2+ 20. Kh1 fxe1Q 21. Qxe1 Qxd6 22. Rd1 Qf4 23. Qe2 Rad8 24. Rxd8 Rxd8 25. Ne3 Rd3 26. Nc4 Bd5 27. Nb6 Rd2 28. Qe1 Qf2 29. Qxf2 Rxf2 30. b3 e3 31. c4 e2 0-1

[Event "MVP-ch Seniors op 14th"]
[Site "Binz"]
[Date "2014.11.26"]
[Round "2"]
[White "Schwenke, Norbert"]
[Black "Worm, Alfred"]
[Result "0-1"]
[WhiteElo "1410"]
[BlackElo "1658"]
[PlyCount "139"]
[EventDate "2014.11.25"]
[EventType "swiss"]
[EventRounds "9"]
[EventCountry "GER"]
[SourceTitle "EXT 2016"]
[Source "ChessBase"]
[SourceDate "2015.10.08"]
[SourceVersion "1"]
[SourceVersionDate "2015.10.08"]
[SourceQuality "1"]

1. Nc3 Nf6 2. e4 e5 3. Nf3 d6 4. Bc4 Bg4 5. d3 Nc6 6. Be3 Na5 7. h3 Nxc4 8. dxc4 Be6 9. Qd3 Be7 10. 0-0-0 0-0 11. g4 Nd7 12. b3 f6 13. Rdg1 Nc5 14. Qe2 a5 15. a4 c6 16. Rd1 Qb6 17. Kb2 Rfd8 18. Nd2 Qb4 19. Ra1 d5 20. cxd5 cxd5 21. exd5 Bxd5 22. Nxd5 Rxd5 23. Qc4 Rad8 24. Qxb4 axb4 25. Nc4 Ne4 26. Nb6 R5d6 27. Nc4 Rc6 28. Na5 Ra6 29. Nc4 Nc3 30. Rhe1 b5 31. axb5 Rxa1 32. Rxa1 Nxb5 33. Ra5 Nc3 34. Ra7 Bf8 35. Bb6 Rc8 36. Rd7 Ne4 37. Be3 Nc5 38. Ra7 Rd8 39. Rc7 Ne6 40. Rc6 Nd4 41. Ra6 Ne2 42. Ra1 Nc3 43. Bd2 Bc5 44. Be3 Bd4 45. Bxd4 Rxd4 46. Rf1 Rd1 47. Rxd1 Nxd1+ 48. Kc1 Nxf2 49. Kd2 Nxh3 50. Ke3 Nf4 51. Ke4 Ne6 52. Ne3 Nd4 53. Kd5 g6 54. Kc4 h5 55. gxh5 gxh5 56. Kxb4 h4 57. c4 Nc2+ 58. Nxc2 h3 59. c5 h2 60. Kb5 h1Q 61. Kb6 Qa8 62. c6 Qb8+ 63. Kc5 Qxb3 64. Nb4 Qc3+ 65. Kb5 e4 66. Nd5 Qb3+ 67. Kc5 Qb8 68. Nxf6+ Kf7 69. Nd5 Ke6 70. c7 0-1

[Event "Mecklenburg VP LL2 Ost 1415"]
[Site "Mecklenburg VP"]
[Date "2014.11.23"]
[Round "3.8"]
[White "Worm, Alfred"]
[Black "Hiltner, Harald"]
[Result "0-1"]
[WhiteElo "1645"]
[BlackElo "1513"]
[PlyCount "128"]
[EventDate "2014.09.21"]
[EventType "team-tourn"]
[EventRounds "9"]
[EventCountry "GER"]
[SourceTitle "EXT 2022"]
[Source "ChessBase"]
[SourceDate "2021.10.06"]
[SourceVersion "1"]
[SourceVersionDate "2021.10.06"]
[SourceQuality "1"]
[WhiteTeam "Rostock SSC 07 III"]
[BlackTeam "Waterkant Saal SV"]
[WhiteTeamCountry "GER"]
[BlackTeamCountry "GER"]

1. e4 e5 2. Nc3 Nc6 3. Bc4 d6 4. d3 Nf6 5. Nf3 Bg4 6. h3 Bxf3 7. Qxf3 Nd4 8. Qd1 a6 9. a3 Be7 10. Ne2 Nxe2 11. Qxe2 h6 12. 0-0 0-0 13. f4 exf4 14. Bxf4 Nh7 15. Bd2 Bg5 16. Bc3 Bf6 17. Qh5 Qd7 18. d4 Rae8 19. Rae1 d5 20. exd5 Rxe1 21. Rxe1 Re8 22. Rf1 Ng5 23. Qd1 Ne4 24. Be1 Nd6 25. Bb3 Re4 26. c3 Qe7 27. Bc2 Re2 28. Bf2 Bg5 29. Re1 Rxe1+ 30. Bxe1 Qe3+ 31. Bf2 Qc1 32. a4 Qxd1+ 33. Bxd1 Nc4 34. b3 Nd6 35. c4 Kf8 36. c5 Ne8 37. Kf1 Nf6 38. d6 cxd6 39. cxd6 Bf4 40. Ke2 Bxd6 41. Kd3 Ke7 42. Kc4 Kd7 43. g4 g6 44. Bh4 Ne8 45. Bf3 b6 46. Bb7 Nc7 47. Bf6 b5+ 48. axb5 axb5+ 49. Kd3 Ne6 50. h4 Nf4+ 51. Ke3 Ke6 52. Bg7 h5 53. Bc8+ Kd5 54. Bb7+ Ke6 55. Bh6 Nd5+ 56. Bxd5+ Kxd5 57. gxh5 gxh5 58. Bg7 Bg3 59. Bf6 Ke6 60. Bg5 f6 61. Kf3 fxg5 62. Kxg3 g4 63. Kf4 Kd5 64. Ke3 b4 0-1

[Event "Mecklenburg VP LL2 West 1314"]
[Site "Mecklenburg VP"]
[Date "2014.02.23"]
[Round "6.8"]
[White "Ruediger, Felix"]
[Black "Worm, Alfred"]
[Result "0-1"]
[WhiteElo "1017"]
[BlackElo "1599"]
[PlyCount "54"]
[EventDate "2013.10.27"]
[EventType "team-tourn"]
[EventRounds "9"]
[EventCountry "GER"]
[SourceTitle "EXT 2022"]
[Source "ChessBase"]
[SourceDate "2021.10.06"]
[SourceVersion "1"]
[SourceVersionDate "2021.10.06"]
[SourceQuality "1"]
[WhiteTeam "Wismar ASV Gruen-Weiss II"]
[BlackTeam "Rostock SSC 07 III"]
[WhiteTeamCountry "GER"]
[BlackTeamCountry "GER"]

1. e4 c6 2. d4 d5 3. exd5 cxd5 4. Nf3 Nf6 5. Bf4 Nc6 6. Nc3 Nh5 7. Bg3 Nxg3 8. fxg3 g6 9. Bd3 Bg7 10. Bb5 0-0 11. Qd2 Bg4 12. Bxc6 bxc6 13. 0-0-0 Rb8 14. h3 Bd7 15. Ne5 Be8 16. g4 Qb6 17. b3 f6 18. Nf3 Bf7 19. Na4 Qa6 20. Kb1 Qxa4 21. Rhe1 Rfe8 22. Qc3 Qb5 23. h4 e5 24. dxe5 fxe5 25. Nxe5 Re6 26. Rd2 d4 27. Qxd4 Bxe5 0-1